000 01754nam a22002657a 4500
008 251021b |||||||| |||| 00| 0 eng d
020 _a9791041421824
040 _cTBS
041 _afre
_hice
100 _aSigurðardóttir, Lilja
_d1972-
_926246
_eauthor
240 _aBlóðrauður sjór.
_lFrench.
245 _aRouge comme la mer
_c/ Lilja Sigurðardóttir.
260 _aParis :
_bÉditions Métailié,
_c2024.
300 _a278 pages ;
_c22 cm.
520 _aUne intrigue surprenante au milieu de l'automne islandais. Lorsque l’entrepreneur Flosi rentre chez lui, il découvre que sa maison a été mise à sac, et Gudrún, sa femme, enlevée. Si Flosi n’accepte pas de payer une énorme rançon, elle sera tuée. Désespéré, il contacte Aurora, une enquêtrice réputée pour sa discrétion. En plein automne islandais, les suspects se multiplient, les mafias se rapprochent, et tout prend un tour de plus en plus trouble…
520 _aA gripping mystery set in the heart of the Icelandic autumn. When businessman Flosi returns home, he finds his house ransacked and his wife, Gudrún, kidnapped. If he doesn’t pay a huge ransom, she will be killed. Desperate, he contacts Aurora, a private investigator known for her discretion. As the Icelandic autumn deepens, suspects multiply, the mafia closes in, and everything grows increasingly murky…
650 0 _aKidnapping
_zIceland
_vFiction
_926247
650 0 _aPolice
_zIceland
_vFiction
_926248
650 0 _aMissing persons
_xInvestigation
_zIceland
_vFiction
_926249
650 0 _aRansom
_vFiction
_926250
655 0 _aDetective and mystery fiction
_923664
655 0 _aThrillers (Fiction)
_922669
700 _aSalaün, Jean-Christophe
_926251
_etranslator
942 _2lcc
999 _c5074
_d5074